000 00915cam a2200229 a 4500
001 15230831
005 20250628095413.0
008 080324s2008 miu b 001 0 eng
020 _a9780802807700 (pbk. : alk. paper)
020 _a0802807704 (pbk. : alk. paper)
041 1 _aeng
_hdut
050 0 0 _aBS1191.5
_b.B67 2008
082 0 0 _a251
_222
100 1 _aBos, Rein,
_d1955-
245 1 0 _aWe have heard that God is with you :
_bpreaching the old testament /
_cRein Bos.
260 _aGrand Rapids, Mich. :
_bWilliam B. Eerdmans Pub. Co.,
_c2008.
300 _axv, 384 p. ;
_c23 cm.
500 _aAdapted and translated from the Dutch by the author: Wij hebben gehoord dat God met u is. Zoetermeer : Boekencentrum, c2004.
700 1 _aBos, Rein,
_d1955-
_tWij hebben gehoord dat God met u is.
856 4 1 _3Table of contents only
_uhttp://www.loc.gov/catdir/toc/ecip0815/2008013160.html
942 _2lcc
_cBK
_n0
999 _c6749
_d6749